Arrondissements du Grand-Est - Mort subite - Statistiques

Statistiques générales
  • Ce quiz a été pris 171 fois
  • Le résultat moyen est 6 sur 16
Answers on the Grid
Answers color-coded by a green-red scale on the quiz's grid according to % correct below.
Neufchâteau
Commercy
Verdun
Langres
Metz
Forbach
Colmar
Mulhouse
Strasbourg
Haguenau
Vitry-de-François
Epernay
Bar-sur-Aube
Charleville-Mézières
Sedan
Lunéville
Sarrebrück
Remiremont
Vittel
Joigny
Chalindrey
Ligny-en-Barrois
Schiltigheim
Saint-Louis
Montbard
Lure
Delle
Château-Salins
Romilly-sur-Seine
Givet
Brumath
Colombey-les-Deux-Églises
 
Statistiques - réponses
Réponse % Correct
Metz
57%
Colmar
56%
Strasbourg
53%
Mulhouse
49%
Verdun
44%
Charleville-Mézières
38%
Forbach
38%
Lunéville
36%
Haguenau
35%
Sedan
32%
Epernay
29%
Neufchâteau
27%
Langres
26%
Bar-sur-Aube
22%
Commercy
21%
Vitry-de-François
19%
Aucun quiz correspondant
Distribution des résultats
% des personnes avec chaque résultat
Percentile par nombre de réponses
Votre historique - résultats
Vous n’avez pas pris ce quiz